Harnessing the Potential of Artificial Intelligence to Promote Environmental Sustainability

Salvato in:
Dettagli Bibliografici
Altri autori: Majumdar, Parijata, Nag, Aniruddha, Oliva Navarro, Diego Alberto
Natura: Libro
Lingua:inglese
Tags: Aggiungi Tag
Nessun Tag, puoi essere il primo ad aggiungerne!!

MARC

LEADER 00000nam a2200000 4500
001 0315359
005 20260309144859.5
020 |a 9781836629962 
041 0 |a eng 
245 1 0 |a Harnessing the Potential of Artificial Intelligence to Promote Environmental Sustainability  |c Editors Parijata Majumdar, Aniruddha Nag, Diego Alberto Oliva Navarro 
500 |a ProQuest e-books. 
700 1 |a Majumdar, Parijata 
700 1 |a Nag, Aniruddha 
700 1 |a Oliva Navarro, Diego Alberto